• 首页
  • 本馆介绍
  • 公告通知
  • 最新文献
  • 馆藏检索
  • 电子资源
  • 读者导购
  • 参考咨询
  • 我的图书馆
  • 登录
  • 详细信息显示
  • 放入我的书架
  • 预约/预借图书
  • 作者相关作品
  • 分类相关作品
  • 丛书相关作品
  • 出版社相关作品

书目信息

  • 表格格式
  • 工作单格式
  • 卡片格式
题名:
社会主义经济中的价值、价格、成本和利润
    
 
作者: 张卓元 著
分册:  
出版信息: 北京   中国社会科学出版社  1983.12
页数: 359页
开本: 19cm
丛书名:
单 册:
中图分类: F045.3
科图分类:
主题词: 社会主义社会--生产方式
电子资源:
ISBN:
000 00632nam0 2200205 45
001 0303190908
005 20040421102259.8
010    @dCNY1.05
091    @a4190.171
100    @a20030319d1983 km y0chiy0120 ea
101 0  @achi
105    @a z 000yy
200 1  @a社会主义经济中的价值、价格、成本和利润@AShe Hui Zhu Yi Jing Ji Zhong De Jia Zhi、Jia Ge、Cheng BenHe Li Run@f张卓元著@FZhang Zhuo Yuan Zhu
210    @a北京@c中国社会科学出版社@d1983.12
215    @a359页@d19cm
606 0  @a社会主义社会@x生产方式
690    @aF045.3@v3
701  0 @a张卓元@4著
801    @aCN@bTSTC@c20030319
905    @dF045.3@e40@f2@b176763-764
    
    社会主义经济中的价值、价格、成本和利润/张卓元著.-北京:中国社会科学出版社,1983.12
    359页;19cm
    
    
    ISBN :CNY1.05
    
●
相关链接 在E读中查询图书 在五车中查询图书 在当当中查询图书 在豆瓣中查询图书


正题名:社会主义经济中的价值、价格、成本和利润     索取号:F045.3/40         预约/预借

序号 登录号 条形码 馆藏地/架位号 状态 备注
1 0109482   000192286   第一样本阅览室/ [索取号:F045.3/40] 在馆    
2 0176763   000192268   第一借阅区/ [索取号:F045.3/40] 在馆    
3 0176764   000192277   密集书库/ [索取号:F045.3/40] 在馆    
4 0176765   001764585   密集书库/ [索取号:F045.3/40] 在馆    
唐山师范学院图书馆 欢迎您!
大连网信软件有限公司© 版权所有